Word Ladder: Clichés IV Quiz Stats

 Plays Quiz Updated Sep 3, 2016

Challenge
Share
Tweet
Embed
Score 0/20 Timer 02:00
0 Plays Today
Cliché 4-Letter Word % Correct
On the edge of your ____SEAT
96.3%
Where do you draw the ____LINE
96.2%
Life in the fast ____LANE
95.8%
Lead on a ____ goose chaseWILD
94.5%
Throw caution to the ____WIND
94%
When the cat's away, the mice _____ playWILL
93.6%
Read the handwriting on the ____WALL
93.5%
Take the ____ by the hornsBULL
93.2%
Friends, Romans, Countrymen, ____ me your earsLEND
92.9%
Like a fine ____WINE
92.5%
Cliché 4-Letter Word % Correct
You can ____ a horse to water, but you can't make him drinkLEAD
92.1%
You have to stand for something or you will ____ for anythingFALL
91%
He's not playing with a ____ deckFULL
90.6%
____ of milk and honeyLAND
89.5%
Tighten your ____BELT
86.4%
You can't unring that ____BELL
85.4%
That will ____ the coldest heartMELT
80.6%
He's got a ____ and hungry lookLEAN
74.5%
He's as ____ as a snakeMEAN
73.1%
One man's ____ is another man's poisonMEAT
72.9%

Today's Daily Dose

You're not logged in!

Compare scores with friends on all Sporcle quizzes.
Join for Free
OR
Log In

You Might Also Like...

Show Comments

Extras

Top Quizzes Today


Score Distribution

Your Account Isn't Verified!

In order to create a playlist on Sporcle, you need to verify the email address you used during registration. Go to your Sporcle Settings to finish the process.

Report this User

Report this user for behavior that violates our Community Guidelines.

Details: